|
|
|
|
| LEADER |
01919cas a2200241 a 4500 |
| 001 |
AALejournalIMF018751 |
| 008 |
230101c9999 xx r poo 0 0eng d |
| 020 |
|
|
|c 5.00 USD
|
| 020 |
|
|
|z 9781484375242
|
| 022 |
|
|
|a 1934-7685
|
| 040 |
|
|
|a BD-DhAAL
|c BD-DhAAL
|
| 110 |
2 |
|
|a International Monetary Fund.
|b European Dept.
|
| 245 |
1 |
0 |
|a Republic of Latvia :
|b 2018 Article IV Consultation-Press Release; Staff Report; and Statement by the Executive Director for the Republic of Latvia.
|
| 264 |
|
1 |
|a Washington, D.C. :
|b International Monetary Fund,
|c 2018.
|
| 300 |
|
|
|a 1 online resource (65 pages)
|
| 490 |
1 |
|
|a IMF Staff Country Reports
|
| 500 |
|
|
|a <strong>Off-Campus Access:</strong> No User ID or Password Required
|
| 500 |
|
|
|a <strong>On-Campus Access:</strong> No User ID or Password Required
|
| 506 |
|
|
|a Electronic access restricted to authorized BRAC University faculty, staff and students
|
| 520 |
3 |
|
|a This 2018 Article IV Consultation highlights that Latvia's government revenues overperformed in 2017, buoyed by strong economic activity and wage growth. Nonetheless, the 2017 general government structural balance recorded a deficit of 0.8 percent of GDP, which resulted in a positive fiscal impulse rendering fiscal policy procyclical. Despite the suspension of activities of Latvia's third largest bank on money laundering concerns, the banking system remains well capitalized and liquid, with capital-to-risk-weighted assets of 22.4 percent and liquid assets exceeding 80 percent of short-term liabilities at end-March 2018. Deleveraging of both households and nonfinancial corporations continued, with household debt to income now at half of its pre-crisis levels.
|
| 538 |
|
|
|a Mode of access: Internet
|
| 830 |
|
0 |
|a IMF Staff Country Reports; Country Report ;
|v No. 2018/266
|
| 856 |
4 |
0 |
|z Full text available on IMF
|u http://elibrary.imf.org/view/journals/002/2018/266/002.2018.issue-266-en.xml
|z IMF e-Library
|